• 首页
  • 本馆介绍
  • 公告通知
  • 最新文献
  • 馆藏检索
  • 电子资源
  • 读者导购
  • 参考咨询
  • 我的图书馆
  • 登录
  • 详细信息显示
  • 放入我的书架
  • 预约/预借图书
  • 作者相关作品
  • 分类相关作品
  • 丛书相关作品
  • 出版社相关作品

书目信息

  • 表格格式
  • 工作单格式
  • 卡片格式
题名:
一品堂画谱.清.石涛、山水本
    
 
作者: 陈履生 编著
分册:  
出版信息: 南宁   广西美术出版社  1997.7
页数: 94页
开本: 50cm
丛书名:
单 册:
中图分类: J221.9
科图分类:
主题词: 绘画--中国
电子资源:
ISBN: 7-80625-248-7
000 00600nam0 2200193 45
001 0003061591
005 20040518092003.0
010    @a7-80625-248-7@dCNY34.00
100    @a20000306d1997 km y0chiy0120 ea
101    @achi
105    @aa z 000yy
200 1  @a一品堂画谱.清.石涛、山水本@AYi Pin Tang Hua Pu.Qing.Shi Tao、Shan ShuiBen@AYi Pin Tang Hua Pu.Shi Tao、Shan Shui Ben@f陈履生编著
210    @a南宁@c广西美术出版社@d1997.7
215    @a94页@c图@d50cm
606 0  @a绘画@y中国
690    @aJ221.9@v1
701    @a陈履生@4编著
801    @aCN@bTSTC@c20000308
905    @dJ221.9@e128:1@b285702@f1
    
    一品堂画谱.清.石涛、山水本/陈履生编著.-南宁:广西美术出版社,1997.7
    94页:图;50cm
    
    
    ISBN 7-80625-248-7:CNY34.00
    
●
相关链接 在E读中查询图书 在五车中查询图书 在当当中查询图书 在豆瓣中查询图书


正题名:一品堂画谱·清·石涛、山水本     索取号:J221.9/128:1         预约/预借

序号 登录号 条形码 馆藏地/架位号 状态 备注
1 0285523   002855235   第一样本阅览室/ [索取号:J221.9/128:1] 在馆    
2 0285702   002857028   第一借阅区/ [索取号:J221.9/128:1] 在馆    
唐山师范学院图书馆 欢迎您!
大连网信软件有限公司© 版权所有